Guess the Country by the First Letter of Other Countries - Statistics

General Stats
  • This quiz has been taken 8 times
  • The average score is 8 of 10
Answer Stats
Hint Answer % Correct
Currently at war with Palestine Israel
100%
Neutral Switzerland
100%
There was a genocide against the tutsi people in this country Rwanda
86%
Has the Highest GDP per capita in South America Uruguay
86%
The most beach dense country in the Carribean Antigua and Barbuda
71%
Shares its name with a bird Turkey
71%
A doubly landlocked country Uzbekistan
71%
Not a prime example of gender equality Iran
57%
Last Country to "abolish" slavery Mauritania
57%
First letter of each of the countries Mauritius
57%
No matching quizzes found
Score Distribution
Percent of People with Each Score
Percentile by Number Answered
Your Score History
You have not taken this quiz